000 00712nam a2200229Ia 4500
003 GCL
008 140319s9999 xx 000 0 ara d
040 _aGCL /
_cGCL
082 0 4 _a811.009
_bح م
100 1 _aحسن البندارى
245 1 0 _aمقاييس الحكم الموجز فى الموروث النقدى /
_cحسن البندارى
260 _a[S.N] :
_bمكتبة الانجلوالمصرية ،
_c1991
300 _a183 ص
490 _a
650 0 4 _aالشعر العربى
650 0 4 _aالادب العربى
650 0 4 _aالنقد
650 0 4 _aالاوزان الشعرية
650 0 4 _aالبلاغة العربية
650 0 4 _aتاريخ ونقد
942 _2ddc
_cBK
999 _c32734
_d32734